[Event "GER-ch Youth U16 2020"]
[Site "Willingen"]
[Date "2020.10.23"]
[Round "5.10"]
[White "Hommel, Niclas"]
[Black "Simukov, Erik"]
[Result "1/2-1/2"]
[WhiteElo "2047"]
[BlackElo "2012"]
[Annotator "TA"]
[PlyCount "83"]
[EventDate "2020.10.20"]
[EventType "swiss"]
[EventRounds "7"]
[EventCountry "GER"]
[SourceTitle "playchess.com"]
[Source "ChessBase"]
[SourceQuality "1"]

{[%evp 16,83,28,15,15,15,18,9,10,20,13,9,18,11,14,12,13,15,27,12,14,9,29,8,22,0,0,0,0,-9,0,0,0,0,0,0,-9,-17,0,-40,0,0,33,39,39,7,14,19,28,8,10,-20,-24,-16,0,0,0,0,0,0,0,0,0,0,0,-9,-13,-17,-12,-56]} 1. e4 e5 2. Nf3 Nc6 3. Bc4 Bc5 4. c3 Nf6 5. d3 d6 6. O-O a6 7. Bb3 Ba7 8. Nbd2 O-O 9. h3 Nh5 {C54: Giuoco Piano: 4 c3 Nf6, main lines with 5 d4 and 5 d3.} 10. Nc4 Qf6 11. Ne3 {aiming for Nd5.} Nf4 12. Nd5 Nxd5 13. exd5 Nb8 {[%cal Bc6b8,Bb8d7,Bd7f6][%mdl 32]} 14. d4 exd4 15. Nxd4 {[#]} Bxd4 $146 ({Predecessor:} 15... Nd7 16. Be3 Re8 17. Qd2 Nf8 18. Rfe1 h6 19. Re2 Bd7 20. Rae1 Re7 21. Nf3 Bxe3 22. Rxe3 Rae8 23. Rxe7 {½-½ (23) De Jong,P (2427)-Vosselman,J (2276) ICCF email 2016}) 16. cxd4 Bf5 17. Qf3 {next g4 is good for White.} Qg6 18. Bf4 Nd7 19. Qg3 Nf6 (19... Nb6 {feels hotter.} 20. Rac1 a5 21. a3 a4 22. Ba2 Rac8) 20. Qxg6 fxg6 21. Rac1 Rf7 22. f3 a5 23. Bc4 Bd7 24. a3 b5 25. Ba2 Bc8 26. Bg5 Ne8 27. Rc2 Bb7 (27... Bf5 $5 {[%cal Rf5c2]} 28. Rcc1 h6 $11) 28. Re2 Rf5 29. Rfe1 Kf8 ({Not} 29... Rxg5 $2 30. Rxe8+ Rxe8 31. Rxe8+ Kf7 32. Rb8 $18) 30. Bd2 Rf7 31. Bxa5 Nf6 32. Bd2 Bxd5 33. Bxd5 (33. Bb1 {looks sharper.} Bc4 34. Rf2 Re7 35. Rc1 Ke8 36. Bc2) 33... Nxd5 34. Kf2 Re7 {The position is equal.} 35. Rxe7 Nxe7 $11 {[%mdl 4096] Endgame KRB-KRN} 36. Ke2 Nd5 37. Kd3 Kf7 38. Ra1 Ke6 39. b3 Nb6 40. Bb4 Kd5 41. Rc1 Ra7 42. Rc2 {Av CentiPawn Loss W=-8/B=-5. Weighted=-8/-4} 1/2-1/2

[Event "GER-ch Youth U16 2020"]
[Site "Willingen"]
[Date "2020.10.23"]
[Round "5.11"]
[White "Zackrisson, Peter"]
[Black "Reimer, Philip"]
[Result "0-1"]
[WhiteElo "1947"]
[BlackElo "1984"]
[Annotator "TA"]
[PlyCount "70"]
[EventDate "2020.10.20"]
[EventType "swiss"]
[EventRounds "7"]
[EventCountry "GER"]
[SourceTitle "playchess.com"]
[Source "ChessBase"]
[SourceQuality "1"]

{[%evp 25,70,4,12,0,0,-8,47,-12,-8,-75,-29,-112,-136,-135,-129,-119,-118,-238,-206,-229,-201,-240,-235,-225,-199,-641,-592,-700,-716,-705,-708,-881,-805,-976,-888,-1386,-1363,-1946,-935,-29981,-29980,-29992,-29993,-29993,-647,-29992,-29993]} 1. e4 c5 2. Nf3 Nc6 3. d4 cxd4 4. Nxd4 Nf6 5. Nc3 e5 6. Ndb5 d6 7. Bg5 a6 8. Na3 b5 9. Nd5 Be7 10. Bxf6 Bxf6 11. c3 O-O 12. Nc2 Rb8 13. Bd3 Bg5 14. h4 {B33: Sicilian: Pelikan and Sveshnikov Variations.} Bh6 15. Nce3 Be6 (15... b4 $11) 16. Bc2 {[#]} (16. Nf5 $14) 16... b4 $146 ({Predecessor:} 16... Ne7 17. Bb3 Kh8 18. Qe2 Nxd5 19. Bxd5 Bxe3 20. Qxe3 Bxd5 21. exd5 f5 22. Rh3 Qf6 {0-1 (52) Alvarado,R-Chavez Lazo,J Bolivar 2001}) 17. Ba4 (17. Bb3 $11 {remains equal.}) 17... Ne7 (17... Bxe3 $5 18. Nxe3 bxc3 19. bxc3 Na5 $15) 18. Nxb4 {Black continues to play with concentration.} (18. Bb3 $11) 18... Bxe3 $17 19. fxe3 a5 $36 {[%mdl 2048] Black is really pushing.} 20. Nd3 f5 21. Qd2 (21. O-O $17) 21... fxe4 $19 22. Nf2 d5 23. O-O-O Qb6 {And now ...Nf5 would win.} 24. g4 Kh8 {White must now prevent ...d4.} 25. Rdg1 $2 (25. Rde1) 25... d4 {[%mdl 64] [#] Discovered Attack} 26. Nd1 dxc3 27. Nxc3 Rfd8 28. Qf2 Rd3 {...Rxc3+! is the strong threat.} 29. Nd1 Nd5 30. Bc2 Nb4 31. Kb1 Rc8 (31... Bxa2+ $142 32. Kc1 Rc8) 32. Nc3 Rdxc3 33. Bxe4 Bxa2+ 34. Ka1 Qxe3 (34... Nc2+ $142 35. Qxc2 Rxc2 36. Rb1 Qb4 37. Rhf1 Bxb1 38. Rf8+ Rxf8 39. Bxc2 Bxc2 40. h5 Qa4#) 35. Qf5 {[%csl Ge4][%cal Rf5h7] [#]} Bg8 $1 {Av CentiPawn Loss W=-198/B=-108. Weighted=-265/-122} 0-1

[Event "GER-ch Youth U16 2020"]
[Site "Willingen"]
[Date "2020.10.23"]
[Round "5.12"]
[White "Khachatryan, Taron"]
[Black "Lohr, Maximilian"]
[Result "1/2-1/2"]
[WhiteElo "2136"]
[BlackElo "2108"]
[Annotator "TA"]
[PlyCount "66"]
[EventDate "2020.10.20"]
[EventType "swiss"]
[EventRounds "7"]
[EventCountry "GER"]
[SourceTitle "playchess.com"]
[Source "ChessBase"]
[SourceQuality "1"]

{[%evp 12,66,35,25,40,37,39,39,38,44,46,30,42,21,30,33,34,38,80,37,72,56,70,54,51,51,59,52,104,58,90,47,52,37,44,33,28,28,43,44,30,7,6,10,35,0,0,0,23,0,1,0,0,-6,0,-23,-27]} 1. d4 d5 2. Nf3 Nf6 3. c4 e6 4. Nc3 Nc6 5. Bg5 Be7 6. e3 O-O 7. cxd5 exd5 {D53: Queen's Gambit Declined: 4 Bg5 Be7: Early deviations.} 8. Bd3 h6 9. Bh4 Ne4 {[#] ...Nxc3 is the strong threat.White is slightly better.} 10. Bxe7 Nxc3 11. bxc3 {[#]} Nxe7 $146 ({Predecessor:} 11... Qxe7 12. h3 Be6 13. O-O Na5 14. e4 c6 15. Re1 Qc7 16. exd5 cxd5 17. Qc2 Nc4 {½-½ (26) Petrova,D-Gabdullina,L Sochi 2007}) 12. Rb1 c6 13. O-O Qc7 14. Qc2 g6 15. Rfc1 Bf5 16. Ne5 Kg7 17. Bxf5 Nxf5 18. c4 dxc4 $1 19. Qxc4 Rab8 (19... Qe7 $14) 20. Qd5 Rfd8 21. Qf3 h5 22. Qf4 {And now Nxg6! would win.} Qd6 23. h3 {[#] aiming for g4.} f6 24. Nd3 Qxf4 25. Nxf4 {Strongly threatening Ne6+.} Kf7 26. d5 Ne7 27. dxc6 Nxc6 (27... bxc6 {keeps more tension.} 28. Rb3 Rxb3 29. axb3 Rb8 30. Ra1 h4) 28. Rb3 h4 29. Nd3 g5 30. Kf1 Rd6 31. Ke2 Kg6 32. Nc5 b6 33. Nd3 Re8 {Av CentiPawn Loss W=-13/B=-10. Weighted=-15/-9} 1/2-1/2

[Event "GER-ch Youth U16 2020"]
[Site "Willingen"]
[Date "2020.10.23"]
[Round "6.1"]
[White "Kolb, Tobias"]
[Black "Deuer, Marius"]
[Result "1-0"]
[WhiteElo "2268"]
[BlackElo "2209"]
[Annotator "TA"]
[PlyCount "61"]
[EventDate "2020.10.20"]
[EventType "swiss"]
[EventRounds "7"]
[EventCountry "GER"]
[SourceTitle "playchess.com"]
[Source "ChessBase"]
[SourceQuality "1"]

{[%evp 26,61,27,14,0,7,0,-9,0,0,-22,-26,-1,-28,0,0,-13,0,-7,-17,-10,-22,176,183,240,244,238,231,784,778,1176,1194,1168,1168,1156,1127,1072,1037]} 1. d4 Nf6 2. c4 e6 3. Nc3 Bb4 4. Qc2 O-O 5. Nf3 c5 6. dxc5 Na6 {[%cal Bb8a6,Ba6c5,Bc5e4][%mdl 32]} 7. g3 Nxc5 8. Bg2 Nce4 9. O-O Nxc3 10. bxc3 Be7 11. e4 d6 12. e5 dxe5 13. Nxe5 Qc7 14. Qe2 Bd6 {The old main line. E39: Nimzo-Indian: Classical: 4...c5 5 dxc5 0-0.} 15. Bf4 Ne8 16. a4 f6 {The position is equal.} (16... g5 $5 17. c5 $8 Bxc5 $11) 17. Nd3 Qxc4 {[#]} 18. a5 $146 ({Predecessor:} 18. Rfb1 Bxf4 19. Nxf4 Qxe2 20. Nxe2 Nd6 21. a5 Rb8 22. Rb4 Rd8 23. c4 Bd7 24. Rab1 {½-½ (44) Reguillaga Elias,M (1895)-Rodriguez Lopez,R (2229) Getxo 2019}) 18... Rb8 19. Rfd1 e5 20. Be3 b6 ({Wrong is} 20... Qxc3 $2 21. Bd5+ Kh8 22. Rdc1 $18) 21. axb6 axb6 22. Qc2 {Threatens to win with Nxe5!} Bb7 23. Ra4 Qf7 $2 {This costs Black the game.} (23... Qc8 $11 {and Black has nothing to worry.}) 24. Ra7 $18 f5 {[#]} (24... Qd7 {might work better.} 25. Qb3+ (25. Bxb6 Qc8 $16) 25... Kh8) 25. Nxe5 $1 {[%mdl 512]} Bxe5 {[#]} 26. Rxb7 $1 {[%mdl 64] Double Attack} Nc7 $2 {[#]} (26... Qg6 27. Rxb8 Bxb8 28. Qb3+ Kh8 29. Qxb6 Nf6) 27. Bd5 $1 {[%mdl 512] White is clearly winning.} Rxb7 (27... Nxd5 28. Rxf7) 28. Bxf7+ Kxf7 29. Qxf5+ {[%mdl 64] Double Attack} Bf6 30. Rd7+ Kg8 31. Bf4 {Av CentiPawn Loss W=-7/B=-63. Weighted=-8/-102} 1-0

[Event "GER-ch Youth U16 2020"]
[Site "Willingen"]
[Date "2020.10.23"]
[Round "6.2"]
[White "Köllner, Ruben Gideon"]
[Black "Fromm, Marius"]
[Result "1-0"]
[WhiteElo "2337"]
[BlackElo "2190"]
[Annotator "RC"]
[PlyCount "67"]
[EventDate "2020.10.20"]
[EventType "swiss"]
[EventRounds "7"]
[EventCountry "GER"]
[SourceTitle "playchess.com"]
[Source "ChessBase"]
[SourceQuality "1"]
[TimeControl "40/5400+30:1800+30"]

1. d4 Nf6 2. Nf3 d5 3. e3 Bf5 4. c4 c6 5. Nc3 a6 6. Qb3 Ra7 7. Be2 {[%emt 0:08:05]} e6 {[%emt 0:09:50]} 8. Ne5 {[%emt 0:09:14]} Nbd7 {[%emt 0:03:51]} 9. f4 {[%emt 0:04:07]} Be7 {[%emt 0:05:02]} 10. Bd2 {[%emt 0:01:10]} O-O {[%emt 0:05:47]} 11. O-O {[%emt 0:00:19]} Ne4 {[%emt 0:04:01]} 12. Nxe4 {[%emt 0:00:42]} Bxe4 {[%emt 0:00:07]} 13. Bd3 {[%emt 0:05:37]} Bxd3 {[%emt 0:02:01]} 14. Nxd3 {[%emt 0:00:19]} Nf6 {[%emt 0:03:23]} 15. Bb4 {[%emt 0:01:14]} Ra8 {[%emt 0:02:27]} 16. Bxe7 {[%emt 0:01:11]} Qxe7 {[%emt 0:00:04]} 17. c5 {[%emt 0:00:43]} Rfe8 {[%emt 0:10:55]} 18. a4 {[%emt 0:02:24]} Ng4 {[%emt 0:11:02]} 19. Rfe1 {[%emt 0:05:14]} a5 {[%emt 0:04:13]} 20. Qc2 {[%emt 0:01:01]} f6 {[%emt 0:01:51]} 21. Rab1 {[%emt 0:01:53]} Nh6 {[%emt 0:02:57]} 22. b4 {[%emt 0:00:29]} axb4 {[%emt 0:00:24]} 23. Rxb4 {[%emt 0:00:12]} Ra7 {[%emt 0:05:59]} 24. Qb3 {[%emt 0:03:16]} Rc8 {[%emt 0:01:50]} 25. e4 {[%emt 0:02:17]} dxe4 {[%emt 0:07:22]} 26. Rxe4 {[%emt 0:00:05]} Re8 {[%emt 0:00:05]} 27. Nb2 {[%emt 0:08:11]} Nf5 {[%emt 0:06:21]} 28. g4 {[%emt 0:01:52]} Nh6 {[%emt 0:01:25]} 29. f5 {[%emt 0:00:10]} Nf7 {[%emt 0:00:26]} 30. Rxe6 {[%emt 0:00:36]} Qd7 {[%emt 0:00:06]} 31. d5 {[%emt 0:05:13]} cxd5 {[%emt 0:01:09]} 32. Rxb7 {[%emt 0:00:12]} Qc8 {[%emt 0:02:42]} 33. Rxe8+ {[%emt 0:01:09]} Qxe8 {[%emt 0:00:05]} 34. Rb8 {[%emt 0:00:07]} 1-0

[Event "GER-ch Youth U16 2020"]
[Site "Willingen"]
[Date "2020.10.23"]
[Round "6.3"]
[White "Kölle, Tobias"]
[Black "Boder, Jan"]
[Result "1/2-1/2"]
[WhiteElo "2323"]
[BlackElo "2155"]
[Annotator "TA"]
[PlyCount "42"]
[EventDate "2020.10.20"]
[EventType "swiss"]
[EventRounds "7"]
[EventCountry "GER"]
[SourceTitle "playchess.com"]
[Source "ChessBase"]
[SourceQuality "1"]

{[%evp 9,42,19,55,64,65,41,52,25,25,11,26,13,19,11,34,34,22,19,180,170,97,64,122,123,104,-164,5,0,0,33,158,157,150,87,94]} 1. d4 Nf6 2. c4 c5 3. d5 b5 4. cxb5 a6 5. bxa6 g6 6. Nc3 {A58: Benko/Volga Gambit: Lines with 5 bxa6.} Bg7 7. e4 {And now e5 would win.} O-O 8. e5 {White is slightly better.} Ne8 9. h4 {seems to push 9.Nf3 aside.} Bxe5 10. Bh6 Ng7 11. Nf3 $36 {[%mdl 2048] White has some pressure.} Bf6 12. h5 Bxa6 13. Qd2 {[#]} Bxf1 $146 (13... Qb6 $11 {and Black has nothing to worry.}) ({Predecessor:} 13... e6 14. O-O-O Bxf1 15. Rdxf1 exd5 16. Qxd5 Nc6 17. hxg6 hxg6 18. Qd2 Nb4 19. Kb1 Qa5 {½-½ (59) Schwander,L (2182)-Gschnitzer,A (2425) Leukerbad 2019}) 14. Kxf1 $18 Qb6 (14... Ra7 $18 15. Re1 Qb6) 15. Ng5 Na6 (15... Bxg5 $14 16. Bxg5 f6) 16. hxg6 fxg6 17. Bxg7 $4 {[%mdl 8192]} (17. Re1 $1 $16 {stays on course.}) 17... Bxg7 $2 ({Black should try} 17... Bxg5 $1 $19 18. Qxg5 Qxb2 {[%mdl 64] Double Attack}) 18. Nxh7 Rfb8 19. Rb1 Nb4 {[#]} (19... c4 $1 $14) 20. Re1 $1 $16 {[%cal Re1e7]} Re8 {[#] ...c4 would now be nice for Black.} ({Not} 20... Nxa2 $2 21. Rxe7 Nb4 22. Qf4 $18) 21. a3 (21. Ng5 $142 $1) 21... Qa6+ {Av CentiPawn Loss W=-24/B=-31. Weighted=-45/-56} 1/2-1/2

[Event "GER-ch Youth U16 2020"]
[Site "Willingen"]
[Date "2020.10.23"]
[Round "6.4"]
[White "Dahl, Christoph"]
[Black "Lohvinov, Petro"]
[Result "1-0"]
[WhiteElo "2262"]
[BlackElo "2152"]
[Annotator "TA"]
[PlyCount "87"]
[EventDate "2020.10.20"]
[EventType "swiss"]
[EventRounds "7"]
[EventCountry "GER"]
[SourceTitle "playchess.com"]
[Source "ChessBase"]
[SourceQuality "1"]

{[%evp 24,87,0,0,0,0,0,0,0,0,0,0,0,0,0,0,4,0,0,0,0,0,0,-31,-19,-16,-25,-30,0,0,51,56,109,124,190,200,247,240,610,603,607,585,551,527,914,933,797,842,6395,6083,4918,3277,29980,29981,29981,29982,29985,29986,29989,29987,29987,29987,29987,29988,29988,29989]} 1. e4 e5 2. Nf3 Nc6 3. d4 exd4 4. Nxd4 Nf6 5. Nxc6 bxc6 6. e5 Qe7 7. Qe2 Nd5 8. c4 Ba6 9. b3 g6 10. g3 Bg7 11. Bb2 O-O 12. Bg2 Rae8 13. O-O $1 Bxe5 {C45: Scotch Game.} 14. Qxe5 Qxe5 15. Bxe5 Rxe5 {The position is equal.} 16. cxd5 {[#] Rd1 is the strong threat.} Bxf1 17. Kxf1 cxd5 18. f4 Re3 19. Bxd5 g5 {[#]} 20. fxg5 $146 ({Predecessor:} 20. Nd2 gxf4 {½-½ (20) Cvak,R (2409)-Mercader Martinez,J (2404) ICCF email 2018}) 20... Rd3 21. Be4 Rd1+ 22. Ke2 Rc1 23. Kd2 Rg1 {[%mdl 1024] Black has compensation.} 24. a4 Re8 25. Bf5 Re5 26. g4 Rg2+ ({Better is} 26... f6 $11) 27. Kc3 $14 Re3+ {White leaves nothing to chance now.} (27... Rxh2 $14 28. Nd2 (28. Bxd7 Rh3+ 29. Kc4 Re4+ 30. Kc5 Re5+ 31. Kc4 Re4+ 32. Kc5 Re5+ 33. Kc4 $11) 28... d5) 28. Kb4 $16 Rb2 (28... Rxh2 $16 {is a better defense.} 29. Bxd7 Rb2) 29. Nc3 $18 a5+ 30. Kc4 d5+ $2 (30... Rh3 31. Nd5 (31. Bxd7 Rc2 $17) 31... Rbxb3) 31. Nxd5 Rexb3 32. Re1 Rb8 33. h4 Ra2 34. h5 Rxa4+ 35. Kc5 Ra3 36. Nf6+ Kh8 {[#]} 37. Re7 $1 Kg7 38. h6+ {White mates.} Kf8 39. Rd7 Ra1 40. Nxh7+ Kg8 41. Nf6+ Kf8 42. g6 {[%csl Gg6][%cal Rd7f7]} Rc1+ 43. Kd4 {[%csl Gg6][%cal Rd7f7]} Rd1+ 44. Bd3 {Av CentiPawn Loss W=-43/B=-54. Weighted=-50/-62} 1-0

[Event "GER-ch Youth U16 2020"]
[Site "Willingen"]
[Date "2020.10.23"]
[Round "6.5"]
[White "Hinrichs, Paul"]
[Black "Dobrikov, Marco"]
[Result "0-1"]
[WhiteElo "2168"]
[BlackElo "2332"]
[Annotator "TA"]
[PlyCount "94"]
[EventDate "2020.10.20"]
[EventType "swiss"]
[EventRounds "7"]
[EventCountry "GER"]
[SourceTitle "playchess.com"]
[Source "ChessBase"]
[SourceQuality "1"]

{[%evp 18,94,54,41,41,30,59,0,0,0,0,0,-20,-79,0,-12,0,-5,0,0,0,-2,0,-147,-157,-464,-383,-507,-518,-518,-515,-517,-508,-729,-532,-851,-862,-835,-599,-548,-529,-495,-533,-513,-508,-2235,-922,-1651,-917,-29981,-853,-775,0,-29962,-29963,-29987,-29988,-29988,-29980,-29982,-29983,-29972,-5791,-29980,-29981,-29974,-29976,-29988,-29983,-29983,-29984,-29984,-29985,-29989,-29988,-29988,-29986,-29986,-29987]} 1. d4 Nf6 2. c4 g6 3. f3 Bg7 4. e4 d6 5. Nc3 O-O 6. Be3 e5 7. d5 c6 8. Qd2 cxd5 9. cxd5 a6 10. a4 Nh5 {E88: King's Indian: Sämisch: 6...e5 7 d5 c6.} 11. Bd3 f5 12. exf5 {[#]} ({Better is} 12. Nge2 $14) 12... Bxf5 $146 {The position is equal.} ({Predecessor:} 12... gxf5 13. Nge2 e4 14. fxe4 fxe4 15. Nxe4 Nd7 16. Nxd6 Ne5 17. Ne4 Nxd3+ 18. Qxd3 Bf5 19. O-O Qe7 20. Rxf5 Rxf5 21. g4 Re5 {½-½ (21) Jansen van Rensburg,T-De Waal,R Cape Town 2002}) 13. Bxf5 gxf5 14. Nge2 Nd7 {[%cal Bb8d7,Bd7c5,Bc5b3][%mdl 32]} 15. f4 (15. O-O $11) 15... Nxf4 (15... exf4 $17 16. Bxf4 Nc5) 16. Bxf4 exf4 17. O-O $1 Qb6+ 18. Kh1 Nc5 {Strongly threatening ...Nb3.} 19. Qxf4 Rae8 $36 {[%mdl 2048] White is under pressure.} 20. Ng3 {Black keeps a firm grip on the game.} (20. a5 $11 {remains equal.} Qd8 21. Qg3) 20... Qxb2 $17 {[#]} 21. Qxd6 $2 (21. Nce2 $1 $17 {[%mdl 512] was the crucial defense.}) 21... Nb3 ({Stronger than} 21... Bxc3 22. Qxc5 f4 23. d6 $15) 22. Rae1 Rxe1 (22... Bxc3 $2 23. Rxe8 Rxe8 24. Qc7 $19) 23. Rxe1 Qxc3 24. Qe6+ Kh8 25. d6 Nc5 26. Qe7 {[#]} Ne4 $1 27. Rf1 (27. Nxe4 Qxe1#) 27... Nxg3+ 28. hxg3 Qf6 29. Rd1 b5 30. axb5 axb5 31. Qb7 (31. Rd3 $142) 31... Qh6+ 32. Kg1 Qe3+ 33. Kh2 Rf6 (33... f4 $142 34. gxf4 Qxf4+ 35. g3 Qg4 36. Rd2 Be5 $1 {[%mdl 512]} 37. Qg2 Qh4+ 38. Kg1 Bxg3 39. Qf1 Rxf1+ 40. Kxf1 Qf4+ {[%mdl 64] Double Attack} 41. Ke2 Qg4+ 42. Ke3 Qf4+ 43. Ke2 Qg4+ 44. Ke3 Qf4+ 45. Ke2) 34. Qa8+ $19 {[#]} Rf8 $2 (34... Bf8 $1 $19 {[%cal Rf6h6]} 35. Qa1 Qh6+ 36. Kg1 f4 37. gxf4 Qxf4) 35. Qd5 $2 {[%mdl 8192]} (35. Qb7 $11 f4 36. gxf4 Qxf4+ 37. g3) 35... f4 36. d7 fxg3+ 37. Kh3 Bf6 38. Qf5 Qh6+ 39. Kg4 b4 (39... Bd8 $142 40. Qxf8+ Qxf8 41. Rg1 {[#]} h5+ $1 {[%mdl 512]} 42. Kxg3 Bc7+ 43. Kh3 Qf2 44. g3 Qxg1 45. Kh4 Qd1 46. Kg5 Kg7 47. Kh4 Qg4#) 40. Rd6 Qg7+ {Black mates.} 41. Kh3 {[#]} Be7 $1 42. Qa5 Bxd6 43. d8=Q Rxd8 44. Qxd8+ Qf8 45. Qb6 Qh6+ 46. Kg4 Qg6+ 47. Kf3 Qf5+ {Av CentiPawn Loss W=-174/B=-121. Weighted=-207/-145} 0-1

[Event "GER-ch Youth U16 2020"]
[Site "Willingen"]
[Date "2020.10.23"]
[Round "6.6"]
[White "Pubantz, Jan"]
[Black "Weihrauch, Jakob"]
[Result "1/2-1/2"]
[WhiteElo "2295"]
[BlackElo "2184"]
[Annotator "TA"]
[PlyCount "224"]
[EventDate "2020.10.20"]
[EventType "swiss"]
[EventRounds "7"]
[EventCountry "GER"]
[SourceTitle "playchess.com"]
[Source "ChessBase"]
[SourceQuality "1"]

{[%evp 9,224,109,102,101,100,105,100,95,89,101,114,106,112,75,106,90,89,91,102,101,98,96,190,122,145,142,178,93,121,120,138,129,154,118,156,116,150,152,212,161,366,342,318,201,256,256,215,209,170,13,12,12,12,24,20,17,71,56,327,74,76,0,10,14,4,14,44,44,44,44,44,45,44,44,44,45,45,8,45,8,8,8,8,8,8,8,8,0,8,8,8,8,8,8,8,0,8,8,8,8,8,8,8,0,8,8,8,8,8,8,46,46,46,46,46,20,108,46,46,46,46,46,54,46,46,46,46,46,61,8,8,8,8,8,8,8,8,8,8,8,8,0,0,0,0,0,0,0,8,0,0,0,0,0,0,0,8,0,0,0,8,8,8,0,8,8,8,8,8,8,8,0,8,0,0,0,8,8,8,8,8,8,8,8,8,0,0,0,0,0,0,0,0,0,0,0,0,0,0,0,0,0,0,0,0,0,0,0,0,0,0,0,7,0,0,0,8]} 1. Nf3 Nf6 2. c4 e6 3. Nc3 b6 4. e4 d5 5. cxd5 exd5 6. e5 {A17: English Opening: 1...Nf6 with ...Bb4.} Nfd7 7. d4 ({Much worse is} 7. Nxd5 Nxe5 8. Nc3 Nd3+ 9. Bxd3 Qxd3 $11) 7... c6 8. Bd3 {White is better.} Be7 9. O-O Nf8 {[#]} 10. Ne1 $146 ({Predecessor:} 10. Qc2 Ne6 11. Ne2 g6 12. Bh6 c5 13. Rfd1 Bd7 14. Nc3 Nc7 15. dxc5 bxc5 16. Nxd5 Nxd5 17. Be4 Nb4 18. Qc3 N4c6 19. e6 Bf6 20. exd7+ Nxd7 21. Qe1 {1-0 (21) Ivana Maria,F (2182)-Pratyusha,B (2033) Mapusa 2014}) 10... Ne6 11. Ne2 g6 12. f4 $36 {[%mdl 2048] White has strong initiative.} Ng7 13. Ng3 Bh4 14. Nf3 Bxg3 15. hxg3 Nf5 (15... Bg4 $16) 16. Kf2 (16. g4 $18 Ng3 17. e6 fxe6 18. Re1) 16... h5 17. Rh1 Nh6 18. Nh4 (18. f5 $18 Nxf5 19. Bg5) 18... Bg4 $16 19. Qc2 Qd7 20. Bd2 Qe6 21. Rac1 a5 {[#]} 22. b4 $1 axb4 23. Bxb4 Kd7 (23... Bf5 $16) 24. Bd6 Rc8 $2 (24... Bf5 {was necessary.}) 25. Qb2 $18 Ke8 26. Rc2 Nd7 {[#]} 27. Rhc1 $1 c5 28. dxc5 bxc5 29. Bxc5 $2 (29. Bb5 $18 {[%cal Rc2c5]} c4 30. Nf3 Bxf3 31. gxf3) 29... Nxc5 $11 30. Rxc5 Rxc5 31. Rxc5 {Hoping for a4!} Qe7 $1 {[%cal Re7c5]} 32. Rb5 Qa7+ (32... Bc8 $11) 33. Kf1 $16 {Threatens to win with e6.} Rc8 $2 {[%mdl 8192]} (33... Bd7 $14) 34. Rb3 $2 (34. Rxd5 $2 Qe3 $19) (34. e6 $1 $18 Kf8 35. exf7 Nxf7 36. Nxg6+ Kg8 37. Rb6 (37. Rxd5 Qe3 $11)) 34... Be6 35. Bb5+ (35. Qa3 $16 Qxa3 36. Rxa3) 35... Kd8 36. Qa3 Qxa3 37. Rxa3 d4 38. Ra4 Rc1+ 39. Ke2 Rc2+ 40. Kd3 Rxa2 41. Rxa2 Bxa2 42. Kxd4 $14 {[%mdl 4096] Endgame KBN-KBN} Be6 43. Bc4 Ke7 44. Bxe6 Kxe6 {KN-KN} 45. Ke4 Ng4 46. Nf3 Nf2+ 47. Ke3 Ng4+ 48. Ke4 Nf2+ 49. Kd4 Ng4 50. Ng5+ Ke7 51. Ne4 Ke6 52. Nc5+ Ke7 53. Ke4 Nf2+ 54. Kf3 Ng4 $1 55. Nd3 Ke6 56. Nf2 Nh2+ (56... Kf5 $5 {[%cal Rg4f2]} 57. Nh3 Nh2+ 58. Ke3 Nf1+ 59. Kf3 Nh2+ 60. Kf2 Ng4+ 61. Kf1 Ne3+ 62. Ke2 Ng4 $11) 57. Ke4 Nf1 58. g4 hxg4 59. Nxg4 Ng3+ 60. Kf3 Nf5 61. Ne3 {Strongly threatening Nxf5.} Nd4+ 62. Ke4 Nc6 (62... Nb3 $1 $11 {keeps the balance.}) 63. Nc2 ({White should play} 63. Nd5 $16) 63... f5+ 64. exf6 Kxf6 65. Ne3 Ke6 66. g4 Ne7 67. Nc2 Kf6 68. Nd4 Nc8 69. g5+ (69. Nf3 $14) 69... Kf7 $11 {The position is equal.} 70. Ke5 Ne7 71. Kd6 {Threatening Ke5.} Nc8+ 72. Kd7 Ne7 73. Ne6 {And now Nd8+ would win.} Nf5 74. Nd8+ Kg7 75. Nc6 Kf7 76. Ne5+ Kg7 77. Ng4 Kf7 78. Nf6 Ng3 79. Kd6 Nf5+ 80. Ke5 Ne3 81. Ne4 Ke7 82. Nc3 Kf7 83. Nd5 Nf5 84. Nb4 Ne3 85. Nc6 {next Ke4 is good for White.} Nf5 86. Ke4 Ng3+ 87. Kd5 Ne2 88. Ke5 Ng3 89. Kd6 Ne2 90. Ke5 Ng3 91. Nd8+ Ke7 92. Ne6 Kf7 93. Nd4 {With the idea Nc6.} Ke7 94. Nf3 Nf5 95. Kd5 {White wants to play Ne5.} Kf7 96. Ne5+ Kg7 97. Ke6 Nd4+ 98. Ke7 Nf5+ 99. Ke8 Nd6+ 100. Kd7 Nf5 101. Ng4 Kf7 102. Nf2 Ne3 103. Kd6 Nf5+ 104. Ke5 Ne3 105. Ne4 Ke7 106. Ng3 Kf7 107. Ke4 Nc4 108. Kd4 Nd6 109. Kd5 Ke7 110. Ke5 Nc4+ 111. Ke4 Kf7 112. Kd3 Nd6 {Av CentiPawn Loss W=-11/B=-11. Weighted=-16/-11} 1/2-1/2